Sociální a kulturní antropologie příbuzenství, národnostní příslušnost, rituál
| Hlavný autor: | |
|---|---|
| Ďalší autori: | |
| Médium: | Kniha |
| Jazyk: | čeština angličtina nórčina |
| Fyzický popis: | 407 s. ilustr. 24 cm |
| Vydavateľské údaje: |
Praha
Portál
2008
|
| ISBN: | 9788073674656 |
| Vydanie: | Vyd. 1. |
| Predmet: |
MARC
| LEADER | 00000cam a2200000 a 4500 | ||
|---|---|---|---|
| 001 | vtls009359151 | ||
| 003 | SK-MaSNL | ||
| 005 | 20260302080331.0 | ||
| 008 | 240314s2008 xr a f p 001 0 cze | ||
| 020 | |a 9788073674656 |q (viaz.) | ||
| 040 | |a SNK |b slo |c SNK |e AACR2 | ||
| 041 | 1 | |a cze |h eng |h nor | |
| 044 | |a xr |c CZ | ||
| 072 | 7 | |a 572 |x Antropológia |2 konspekt | |
| 072 | 7 | |a 37.016 |x Učebné osnovy. Vyučovacie predmety. Učebnice |2 SNKPH | |
| 080 | |a 572.028 |2 2001 | ||
| 080 | |a 572.026 |2 2001 | ||
| 080 | |a 572:001.891 |2 2001 | ||
| 080 | |a (075.8) |2 2001 | ||
| 100 | 1 | |a Eriksen, Thomas Hylland, |d 1962- |4 aut |9 403661 | |
| 240 | 1 | 0 | |a Små steder - store spørsmål |l Česky |
| 245 | 1 | 0 | |a Sociální a kulturní antropologie |b příbuzenství, národnostní příslušnost, rituál |c Thomas Hylland Eriksen ; [překlad Hana Loupová] |
| 250 | |a Vyd. 1. | ||
| 260 | |a Praha |b Portál |c 2008 | ||
| 300 | |a 407 s. |b ilustr. |c 24 cm | ||
| 500 | |a Preložené z anglického vydania nórskeho originálu | ||
| 504 | |a Obsahuje bibliogr. a reg. | ||
| 650 | 0 | 7 | |a sociálna antropológia |2 SNKPH |9 714 |
| 650 | 0 | 7 | |a kultúrna antropológia |2 SNKPH |9 720 |
| 650 | 0 | 7 | |a antropologický výskum |2 SNKPH |9 69642 |
| 650 | 0 | 7 | |a Social anthropology |2 SNKPHeng |9 320259 |
| 650 | 0 | 7 | |a Cultural anthropology |2 SNKPHeng |9 306319 |
| 650 | 0 | 7 | |a Anthropological research |2 SNKPHeng |9 368944 |
| 655 | 7 | |a učebnice vysokých škôl |2 SNKPH |9 70191 | |
| 655 | 7 | |a Textbooks (higher) |2 SNKPHeng |9 276436 | |
| 700 | 1 | |a Antonínová, Hana, |d 1959- |4 trl |9 132741 | |
| 730 | 0 | |a Small places, large issuses |l Česky |9 744321 | |
| 919 | |a 978-80-7367-465-6 | ||
| 999 | |c 1172701 |d 1174631 | ||
| 952 | |t snkERI 572.028 |a SNKUST |b SNKUST |y PREZ |7 0 |p 17A0610363 |o snkIC 137443 |i snk2009/3302 |8 4 |g 17.99 |0 0 |1 0 |4 0 |d 2008-12-17 |l 0 |r 2025-03-19 00:00:00 |w 2026-02-24 | ||


